Hủ bại (Sự thật về những vụ án tham nhũng ở Trung Quốc)

সংরক্ষণ করুন:
গ্রন্থ-পঞ্জীর বিবরন
প্রধান লেখক: Lưu Bân
বিন্যাস: গ্রন্থ
ভাষা:Undetermined
প্রকাশিত: Tp. HCM Phụ Nữ 2002
বিষয়গুলি:
ট্যাগগুলো: ট্যাগ যুক্ত করুন
কোনো ট্যাগ নেই, প্রথমজন হিসাবে ট্যাগ করুন!
Thư viện lưu trữ: Trung tâm Học liệu Trường Đại học Cần Thơ
LEADER 00527nam a2200181Ia 4500
001 CTU_48169
008 210402s9999 xx 000 0 und d
082 |a 895.13 
082 |b B121 
100 |a Lưu Bân 
245 0 |a Hủ bại 
245 0 |b (Sự thật về những vụ án tham nhũng ở Trung Quốc) 
245 0 |c Lưu Bân 
260 |a Tp. HCM 
260 |b Phụ Nữ 
260 |c 2002 
650 |a chinese fiction ( vietnamese ) 
980 |a Trung tâm Học liệu Trường Đại học Cần Thơ